000 03541cam a22006614i 4500
003 PE-LiUPU
005 20250731165612.0
008 150706s2011 mx a rb 000 0 d
020 _a9789681871772
035 _a(Sirsi) i9789681871772
040 _aPE-LiUPU
_bspa
_cPE-LiUPU
_erda
049 _aPRUA
082 0 4 _a001.42
_bM42 2011
_221
082 0 4 _a001.42
_bM42 2010
082 0 4 _a001.42
_bM42 2012
100 1 _aMéndez Álvarez, Carlos ,
_eautor.
245 1 0 _aMetodología :
_bdiseño y desarrollo del proceso de investigación con énfasis en ciencias empresariales /
_cCarlos Eduardo Méndez Álvarez.
250 _a4a Edición
264 1 _aMéxico :
_bLimusa,
_c2011.
300 _a357 páginas :
_bilustraciones ;
_c23 centímetros.
300 _a04 CD-ROM
336 _atext
_2rdacontent
337 _aunmediated
_2rdamedia
338 _avolume
_2rdacarrier
504 _aBibliografía : página 347.
505 0 _aReflexiones sobre investigar -- Fundamentos: Algunos conceptos sobre el conocimiento científico -- Punto de partida para formular un proyecto de investigación -- Proceso de investigación: Diseño -- Elementos del objeto de conocimiento -- Elementos de apoyo metodológico para realizar la investigación -- Elementos administrativos para la ejecución de la investigación -- Proceso de investigación: Desarrollo -- Recolección y ordenamiento de la información -- Análisis de los resultados -- Sugerencias sobre el contenido en la presentación del diseño.
526 _aSEG44
526 _aSEG26
526 _aP151
526 _aP150
526 _aP149
526 _aP146
526 _aP145
526 _aP126
526 _aP125
526 _aP92
526 _aP75
526 _aP74
526 _aP27
526 _aP15
541 _g0300010714;
541 _g0300010714;
650 0 4 _aInvestigación
_xMetodología.
910 _agl
_cjck
_d20111028
910 _btqv
_cwelc
_d20160711
942 _2ddc
_cBOOK
949 _a001.42 M42 2011
_wDEWEY
_c1
_i63940
_lCCODEBUL1
_mBUL
_p22.00
_r0
_sY
_tBOOK
_u2015-7-6
_xFCE
_PP08
_o.STAFF. Colección General
949 _a001.42 M42 2011
_wDEWEY
_c2
_i63939
_lCCODEBUL1
_mBUL
_p22.00
_r0
_sY
_tBOOK
_u2015-7-6
_xFCE
_PP08
_o.STAFF. Colección General
949 _a001.42 M42 2010
_wDEWEY
_c1
_iFJ00778
_lCCODEBUJ1
_mBUJ
_p22.61
_r0
_sY
_tBOOK
_u2016-07-11
_xFCE
_PP08
_0COMPRA
_o.STAFF. Colección General Juliaca
949 _a001.42 M42 2012
_wDEWEY
_c1
_iFJ00779
_lCCODEBUJ1
_mBUJ
_p22.61
_r0
_sY
_tBOOK
_u2016-07-11
_xFCE
_PP08
_0COMPRA
_o.STAFF. Colección General Juliaca
994 _aC0
_bPEPRU
596 _a1 3
999 _a001.42 M42 2011
_wDEWEY
_c52790
_i63940
_d52790
_e2016-3-29
_f2021-11-4
_g6
_lCCODEBUL1
_mBUL
_n1
_p22.00
_q5
_r0
_sY
_tBOOK
_u2015-7-6
_xBIBLIOTECA
_PP08
_0COMPRA
_o.STAFF. Colección General
999 _a001.42 M42 2011
_wDEWEY
_c2
_i63939
_d2018-12-14
_e2018-10-22
_f2021-11-4
_g7
_lCCODEBUL1
_mBUL
_n3
_p22.00
_q1
_r0
_sY
_tBOOK
_u2015-7-6
_xBIBLIOTECA
_PP08
_0COMPRA
_o.STAFF. Colección General
999 _a001.42 M42 2010
_wDEWEY
_c1
_iFJ00778
_lCCODEBUJ1
_mBUJ
_p22.61
_r0
_sY
_tBOOK
_u2016-7-11
_xFCE
_PP08
_0COMPRA
_o.STAFF. Colección General Juliaca
999 _a001.42 M42 2012
_wDEWEY
_c1
_iFJ00779
_d2017-8-23
_e2017-8-20
_f2021-12-27
_g4
_lCCODEBUJ1
_mBUJ
_n3
_p22.61
_r0
_sY
_tBOOK
_u2016-7-11
_xFCE
_PP08
_0COMPRA
_o.STAFF. Colección General Juliaca
980 _81
_gALBERTO SANCHEZ Responsable de Automatización